000 00644nam a2200217Ia 4500
003 GCL
008 140319s9999 xx 000 0 ara d
040 _aGCL /
_cGCL
082 0 4 _a932.049
_bن ع
100 1 _aنبيل راغب
245 1 0 _aعصر الاسكندرية الذهبى /
_cنبيل راغب
260 _a[S.N] :
_bالهيئة المصرية العامة للكتاب ،
_c1993
300 _a367 ص
490 _a
650 0 4 _aمصر
650 0 4 _aتاريخ
650 0 4 _aالاسكندرية
650 0 4 _aالعصر اليونانى
650 0 4 _aمكتبة الاسكندرية القديمة
942 _2ddc
_cBK
999 _c28182
_d28182